000 00642nam a2200193 i 4500
001 149772
003 ES-MaACL
005 20230906203242.0
007 t|
008 071024s1972 sp ||||1| spa d
100 1 _aVautrin, Claude.
_9113329
245 1 0 _aManual del jefe administrativo /
_cClaude Vautrin, Jean Pierre Jolly, Pierre Ducasse ; [traducción y revisión: Bernardo Muñoz].
260 _aBarcelona :
_bSagitario,
_c[1972]
300 _a178 p. :
_bil. ;
_c22 cm.
700 1 _aDucasse, Pierre.
_945804
700 1 _aJolly, Jean Pierre.
_966802
700 1 _aMuñoz, Bernardo.
_984296
852 _aES-MaACL
_jC-49741
_bR.84407
999 _c149772
_d149772